[Event "EU-ch U18 Girls 27th"]
[Site "Mamaia"]
[Date "2017.09.07"]
[Round "3"]
[White "Bilic, Sanja"]
[Black "Adascalitei, Anastasia"]
[Result "0-1"]
[WhiteElo "1633"]
[BlackElo "1348"]
[PlyCount "86"]
[EventDate "2017.09.05"]
[EventType "swiss"]
[EventRounds "9"]
[EventCountry "ROU"]
[SourceTitle "CBM 180 Extra"]
[Source "ChessBase"]
[SourceDate "2017.10.06"]
[SourceVersion "1"]
[SourceVersionDate "2017.10.06"]
[SourceQuality "1"]

1. e4 e5 2. Nf3 Nc6 3. Bb5 a6 4. Ba4 Bc5 5. 0-0 d6 6. c3 Nf6 7. Bxc6+ bxc6 8. d4 exd4 9. cxd4 Bb6 10. Nc3 h6 11. h3 0-0 12. Re1 Re8 13. Bf4 Ba5 14. Qc2 d5 15. exd5 cxd5 16. a3 c6 17. Rxe8+ Qxe8 18. Re1 Be6 19. b4 Bb6 20. Na4 Ba7 21. Nc5 Bxc5 22. Qxc5 Ne4 23. Qb6 f6 24. Qb7 a5 25. Qb6 axb4 26. Qxb4 Qg6 27. Kf1 Bxh3 28. gxh3 Qf5 29. Nd2 Qxf4 30. Nxe4 dxe4 31. Qc4+ Kh7 32. a4 Qf3 33. Re3 Qd1+ 34. Kg2 Qxa4 35. Qf7 Qxd4 36. Rg3 Rg8 37. Qg6+ Kh8 38. Rg4 Qd5 39. Kg1 Qd1+ 40. Kg2 Qf3+ 41. Kg1 Qxh3 42. Qxe4 Ra8 43. Rg3 Ra1+ 0-1

[Event "EU-ch U18 Girls 27th"]
[Site "Mamaia"]
[Date "2017.09.06"]
[Round "2"]
[White "Adascalitei, Anastasia"]
[Black "Hrib, Andrada Ioana"]
[Result "0-1"]
[WhiteElo "1348"]
[BlackElo "1759"]
[PlyCount "92"]
[EventDate "2017.09.05"]
[EventType "swiss"]
[EventRounds "9"]
[EventCountry "ROU"]
[SourceTitle "CBM 180 Extra"]
[Source "ChessBase"]
[SourceDate "2017.10.06"]
[SourceVersion "1"]
[SourceVersionDate "2017.10.06"]
[SourceQuality "1"]

1. e4 c5 2. Nf3 a6 3. c3 e6 4. d4 d5 5. Bd3 Nc6 6. Be3 cxd4 7. Nxd4 Nf6 8. Nd2 Be7 9. 0-0 Ne5 10. Bc2 0-0 11. f4 Neg4 12. Qf3 Nxe3 13. Qxe3 dxe4 14. Nxe4 g6 15. Rfe1 Nxe4 16. Qxe4 Bf6 17. Rad1 Qc7 18. Re3 Bd7 19. Nf3 Bc6 20. Qb4 a5 21. Qc5 Qxf4 22. Ne5 Qg5 23. g3 Be7 24. Qb6 Ra6 25. Qd4 Rd8 26. Qf4 Qxf4 27. gxf4 Rxd1+ 28. Bxd1 Bc5 29. Kf2 f6 30. Nc4 b5 31. Nd2 Bxe3+ 32. Kxe3 Bd5 33. b3 Rd6 34. Be2 Bc6 35. c4 b4 36. c5 Rd5 37. Ne4 Kf7 38. Bc4 Rh5 39. Nd6+ Ke7 40. Nc8+ Kd7 41. Nb6+ Kc7 42. Bxe6 Rxh2 43. Bg8 h5 44. Bf7 g5 45. fxg5 fxg5 46. Bc4 Rxa2 0-1